| 000 | 00886nam a22002657a 4500 | ||
|---|---|---|---|
| 003 | DO-SdBPM | ||
| 005 | 20250530123145.0 | ||
| 007 | ta | ||
| 008 | 220601b2018 dr | |||| 00| 0 spa d | ||
| 020 | _a9789945484274 | ||
| 040 |
_aDO-SdBPM _bspa _cBNPHU |
||
| 082 | 4 |
_aRD861.5 _bM578h 2018 _222 |
|
| 100 | 1 |
_aMesa, Ramón, _d1976- |
|
| 245 | 1 | 0 |
_aHechizo de lluvia y otros conjuros / _cRamón Mesa ; prólogo y edición Jesús Cordero. |
| 260 |
_aSanto Domingo : _bFundación Literaria Aníbal Montaño, _c2018. |
||
| 300 |
_a128 p. ; _c23 cm. |
||
| 490 | 0 |
_aLa poética del barrio ; _aMarca provincia |
|
| 500 | _aIncluye datos biográficos del autor en las solapas | ||
| 590 | _aInventariado, 2025/VM | ||
| 650 | 4 | _aPoesía dominicana | |
| 650 | 4 | _aLiteratura dominicana | |
| 700 | 1 |
_aCordero, Jesús, _eprólogo |
|
| 910 | _aVMateo V. Control de calidad BPMSU | ||
| 942 |
_2ddc _cBK |
||
| 999 |
_c15122 _d15122 |
||